000 00835nas a2200277 4500
001 BR9701214
003 BR-BrBNA
005 20231205100013.0
007 ta
008 230509b bl.|||p| |||| 00| 00por d
040 _aBR-BrBNA
_bpor
_cBiblioteca Nacional de Agricultura
041 _a(Pt)
072 _aF01; L51
100 1 _aAcunha, J.B.V.
100 1 _aCoelho, R.W.
245 1 _aEfeito da altura e intervalo de corte do capim-elefante-anao; 1: producao e qualidade da forragem
650 _aCapim Elefante
650 _aForragem
650 _aCorte
650 _aQualidade
650 _aDigestibilidade
650 _aProteina
773 0 _tPesquisa Agropecuaria Brasileira (Brazil)
_xISSN 0100-204X
_g(Jan 1997), v. 32(1) p. 117-122
_wBR9701214
909 _a202311
_bLúcia
_c55
_dLúcia Elande
942 _2AGRIS
_n0
_cANA
999 _c153875
_d153875